<?xml version="1.0" encoding="UTF-8"?>
<record
    xmlns:xsi="http://www.w3.org/2001/XMLSchema-instance"
    xsi:schemaLocation="http://www.loc.gov/MARC21/slim http://www.loc.gov/standards/marcxml/schema/MARC21slim.xsd"
    xmlns="http://www.loc.gov/MARC21/slim">

  <leader>02557cam a2200565 i 4500</leader>
  <controlfield tag="001">xx004997251</controlfield>
  <controlfield tag="003">NUKAT</controlfield>
  <controlfield tag="005">20260429111059.0</controlfield>
  <controlfield tag="008">201116s2020    pl a         |001 0bpol c</controlfield>
  <datafield tag="020" ind1=" " ind2=" ">
    <subfield code="a">9788380982048</subfield>
    <subfield code="q">(oprawa twarda) :</subfield>
    <subfield code="c">z&#x142; 69,00</subfield>
  </datafield>
  <datafield tag="035" ind1=" " ind2=" ">
    <subfield code="a">(OCoLC)1225234931</subfield>
  </datafield>
  <datafield tag="035" ind1=" " ind2=" ">
    <subfield code="a">(NUKAT)xx004997251</subfield>
  </datafield>
  <datafield tag="040" ind1=" " ind2=" ">
    <subfield code="a">KAT U/JP</subfield>
    <subfield code="b">pol</subfield>
    <subfield code="e">rda</subfield>
    <subfield code="c">KAT U/JPs</subfield>
    <subfield code="d">KAT U/JP</subfield>
    <subfield code="d">WR O/KBs</subfield>
    <subfield code="d">WA 14/ABs</subfield>
    <subfield code="d">OLSZT 008/bak</subfield>
  </datafield>
  <datafield tag="041" ind1="1" ind2=" ">
    <subfield code="a">pol</subfield>
    <subfield code="b">eng</subfield>
    <subfield code="h">pol</subfield>
  </datafield>
  <datafield tag="045" ind1="2" ind2=" ">
    <subfield code="b">d1885</subfield>
    <subfield code="b">d1947</subfield>
  </datafield>
  <datafield tag="046" ind1=" " ind2=" ">
    <subfield code="k">2020</subfield>
  </datafield>
  <datafield tag="100" ind1="1" ind2=" ">
    <subfield code="a">Moska&#x142;a, Katarzyna.</subfield>
    <subfield code="e">Autor</subfield>
    <subfield code="9">40842</subfield>
  </datafield>
  <datafield tag="245" ind1="1" ind2="0">
    <subfield code="a">W&#x142;adys&#x142;aw Raczkiewicz 1885-1947 :</subfield>
    <subfield code="b">prezydent RP na uchod&#x17A;stwie : biografia fotograficzna /</subfield>
    <subfield code="c">Katarzyna Moska&#x142;a, Miros&#x142;aw A. Supruniuk ; t&#x142;umaczenie streszczenia: Wojciech Kallas ; Instytut Pami&#x119;ci Narodowej - Komisja &#x15A;cigania Zbrodni Przeciwko Narodowi Polskiemu, Wojew&#xF3;dztwo Kujawsko-Pomorskie.</subfield>
  </datafield>
  <datafield tag="260" ind1=" " ind2=" ">
    <subfield code="a">Warszawa :</subfield>
    <subfield code="b">Instytut Pami&#x119;ci Narodowej - Komisja &#x15A;cigania Zbrodni Przeciwko Narodowi Polskiemu :</subfield>
    <subfield code="b">Wojew&#xF3;dztwo Kujawsko-Pomorskie,</subfield>
    <subfield code="c">2020.</subfield>
  </datafield>
  <datafield tag="300" ind1=" " ind2=" ">
    <subfield code="a">478, [1] strona :</subfield>
    <subfield code="b">ilustracje ;</subfield>
    <subfield code="c">30 cm.</subfield>
  </datafield>
  <datafield tag="336" ind1=" " ind2=" ">
    <subfield code="a">Tekst</subfield>
    <subfield code="b">txt</subfield>
    <subfield code="2">rdacontent</subfield>
  </datafield>
  <datafield tag="336" ind1=" " ind2=" ">
    <subfield code="a">Obraz</subfield>
    <subfield code="b">sti</subfield>
    <subfield code="2">rdacontent</subfield>
  </datafield>
  <datafield tag="337" ind1=" " ind2=" ">
    <subfield code="a">Bez urz&#x105;dzenia po&#x15B;rednicz&#x105;cego</subfield>
    <subfield code="b">n</subfield>
    <subfield code="2">rdamedia</subfield>
  </datafield>
  <datafield tag="338" ind1=" " ind2=" ">
    <subfield code="a">Wolumin</subfield>
    <subfield code="b">nc</subfield>
    <subfield code="2">rdacarrier</subfield>
  </datafield>
  <datafield tag="380" ind1=" " ind2=" ">
    <subfield code="a">Albumy i ksi&#x105;&#x17C;ki artystyczne</subfield>
  </datafield>
  <datafield tag="380" ind1=" " ind2=" ">
    <subfield code="a">Ksi&#x105;&#x17C;ki</subfield>
  </datafield>
  <datafield tag="380" ind1=" " ind2=" ">
    <subfield code="a">Publikacje popularnonaukowe</subfield>
  </datafield>
  <datafield tag="388" ind1="1" ind2=" ">
    <subfield code="a">2001-</subfield>
  </datafield>
  <datafield tag="490" ind1="1" ind2=" ">
    <subfield code="a">Centralny Projekt Badawczy IPN Polska Emigracja Niepodleg&#x142;o&#x15B;ciowa 1945-1990</subfield>
  </datafield>
  <datafield tag="504" ind1=" " ind2=" ">
    <subfield code="a">Bibliografia na stronach 72-73. Indeks.</subfield>
  </datafield>
  <datafield tag="546" ind1=" " ind2=" ">
    <subfield code="a">Streszczenie angielskie.</subfield>
  </datafield>
  <datafield tag="600" ind1="1" ind2="7">
    <subfield code="a">Raczkiewicz, W&#x142;adys&#x142;aw</subfield>
    <subfield code="d">(1885-1947)</subfield>
    <subfield code="2">DBN</subfield>
    <subfield code="9">40845</subfield>
  </datafield>
  <datafield tag="600" ind1="1" ind2="7">
    <subfield code="a">Raczkiewicz, W&#x142;adys&#x142;aw</subfield>
    <subfield code="d">(1885-1947)</subfield>
    <subfield code="v">biografie.</subfield>
    <subfield code="2">kaba</subfield>
    <subfield code="9">40846</subfield>
  </datafield>
  <datafield tag="600" ind1="1" ind2="7">
    <subfield code="a">Raczkiewicz, W&#x142;adys&#x142;aw</subfield>
    <subfield code="d">(1885-1947)</subfield>
    <subfield code="v">fotografie.</subfield>
    <subfield code="2">kaba</subfield>
    <subfield code="9">40847</subfield>
  </datafield>
  <datafield tag="648" ind1=" " ind2="7">
    <subfield code="a">1801-1900</subfield>
    <subfield code="2">DBN</subfield>
    <subfield code="9">36037</subfield>
  </datafield>
  <datafield tag="648" ind1=" " ind2="7">
    <subfield code="a">1901-2000</subfield>
    <subfield code="2">DBN</subfield>
    <subfield code="9">34996</subfield>
  </datafield>
  <datafield tag="650" ind1=" " ind2="7">
    <subfield code="a">Emigracja polityczna</subfield>
    <subfield code="2">DBN</subfield>
    <subfield code="9">37405</subfield>
  </datafield>
  <datafield tag="650" ind1=" " ind2="7">
    <subfield code="a">Politycy</subfield>
    <subfield code="2">DBN</subfield>
    <subfield code="9">36070</subfield>
  </datafield>
  <datafield tag="650" ind1=" " ind2="7">
    <subfield code="a">Prezydenci</subfield>
    <subfield code="2">DBN</subfield>
    <subfield code="9">39664</subfield>
  </datafield>
  <datafield tag="651" ind1=" " ind2="7">
    <subfield code="a">Polska</subfield>
    <subfield code="2">DBN</subfield>
    <subfield code="9">35076</subfield>
  </datafield>
  <datafield tag="655" ind1=" " ind2="7">
    <subfield code="a">Album</subfield>
    <subfield code="2">DBN</subfield>
    <subfield code="9">35390</subfield>
  </datafield>
  <datafield tag="655" ind1=" " ind2="7">
    <subfield code="a">Biografia</subfield>
    <subfield code="2">DBN</subfield>
    <subfield code="9">35059</subfield>
  </datafield>
  <datafield tag="658" ind1=" " ind2=" ">
    <subfield code="a">Historia</subfield>
  </datafield>
  <datafield tag="700" ind1="1" ind2=" ">
    <subfield code="a">Kallas, Wojciech.</subfield>
    <subfield code="e">T&#x142;umaczenie</subfield>
    <subfield code="9">40843</subfield>
  </datafield>
  <datafield tag="700" ind1="1" ind2=" ">
    <subfield code="a">Supruniuk, Miros&#x142;aw Adam</subfield>
    <subfield code="d">(1962- ).</subfield>
    <subfield code="e">Autor</subfield>
    <subfield code="9">40844</subfield>
  </datafield>
  <datafield tag="710" ind1="2" ind2=" ">
    <subfield code="a">Instytut Pami&#x119;ci Narodowej - Komisja &#x15A;cigania Zbrodni przeciwko Narodowi Polskiemu.</subfield>
    <subfield code="e">Instytucja sprawcza</subfield>
    <subfield code="e">Wydawca</subfield>
    <subfield code="4">pbl</subfield>
    <subfield code="9">11792</subfield>
  </datafield>
  <datafield tag="830" ind1=" " ind2="0">
    <subfield code="a">Polska Emigracja Niepodleg&#x142;o&#x15B;ciowa 1945-1990</subfield>
    <subfield code="9">39546</subfield>
  </datafield>
  <datafield tag="920" ind1=" " ind2=" ">
    <subfield code="a">978-83-8098-204-8 (oprawa twarda) : z&#x142; 69,00</subfield>
  </datafield>
  <datafield tag="942" ind1=" " ind2=" ">
    <subfield code="2">ddc</subfield>
    <subfield code="c">BK_NM</subfield>
  </datafield>
  <datafield tag="999" ind1=" " ind2=" ">
    <subfield code="c">27860</subfield>
    <subfield code="d">27860</subfield>
  </datafield>
  <datafield tag="952" ind1=" " ind2=" ">
    <subfield code="0">0</subfield>
    <subfield code="1">0</subfield>
    <subfield code="2">ddc</subfield>
    <subfield code="4">0</subfield>
    <subfield code="7">0</subfield>
    <subfield code="8">K_mag</subfield>
    <subfield code="a">BIP</subfield>
    <subfield code="b">BIP</subfield>
    <subfield code="d">2020-11-30</subfield>
    <subfield code="e">D-36/2020</subfield>
    <subfield code="f">D</subfield>
    <subfield code="g">69.00</subfield>
    <subfield code="i">59962</subfield>
    <subfield code="l">0</subfield>
    <subfield code="o">59962</subfield>
    <subfield code="p">IPWK24066</subfield>
    <subfield code="r">2026-04-29 11:11:55</subfield>
    <subfield code="w">2026-04-29</subfield>
    <subfield code="y">BK_NM</subfield>
  </datafield>
</record>
